| 000 | 00573nam a2200181Ia 4500 | ||
|---|---|---|---|
| 008 | 240729s9999 xx 000 0 und d | ||
| 022 | _a2325-9205 | ||
| 245 | 0 | _aSouthwest Respiratory and Critical Care Chronicles | |
| 260 | _aUnited States | ||
| 260 | _bSouthwest Respiratory and Critical Care Chronicles | ||
| 650 | _a Diseases of the respiratory system | ||
| 650 | _a Internal medicine | ||
| 650 | _a Specialties of internal medicine | ||
| 650 | _aMedicine | ||
| 856 | _uhttps://doaj.org/toc/afc69c648908469d95a996123949a9af | ||
| 942 | _2ddc | ||
| 942 | _cDOAJEJ | ||
| 999 |
_c66333 _d66333 |
||
| 945 |
_a1 _bMadushi Gamage _c1 _dMadushi Gamage |
||